000 00697nam a2200229Ia 4500
008 200601s9999 xx 000 0 und d
020 _a978-81-06-9706-8
050 _aREF TX 349
050 _b.L33 2006
100 _aLabensky, Steven R.
245 4 _aThe Prentice hall dictionary of culinary arts /
245 0 _cSteven R. Labensky, Gaye G. Ingram, Sarah R. Labensky; illustrations by William E. Ingram.
250 _a2nd Edition
260 _aSingapore :
260 _bPearson Education South Asia Pte Ltd.
260 _c2006
300 _a522 pages :
300 _billustrations ;
300 _c25 cm.
650 _aFood -- Dictionaries.
650 _xCookery -- Dictionaries.
999 _c363415
_d363415